| 000 | 00364nam a22001337a 4500 | ||
|---|---|---|---|
| 020 | _a0-201-18243-2 | ||
| 082 | _a629.8312 MAC | ||
| 100 |
_aMACIEJOWSKI, J.M _91902 |
||
| 245 | _aMULTIVARIABLE FEEDBACK DESIGN | ||
| 260 |
_aNEW YORK _bADDISON WESLEY _c1989 |
||
| 300 | _aXVII,422P | ||
| 650 |
_aFEEDBACK CONTROL SYSTEMS-DESIGN AND CONSTRUCTION _91903 |
||
| 942 | _cBK | ||
| 999 |
_c492229 _d492229 |
||